French Name Translations - Statistics

General Stats
  • This quiz has been taken 1,340 times
    1,311 since last reset
  • The average score is 11 of 20
Answer Stats
Hint Answer % Correct
Jacques James
93%
Georges George
92%
Mathieu Matthew
90%
Édouard Edward
89%
Luc Luke
89%
Jean John
88%
Pierre Peter
85%
Margaux Margaret
77%
Éléonore Eleanor
72%
Thierry Theodoric
48%
Babette Elizabeth
44%
Anaïs Anna
42%
Manon Mary
38%
Inés Agnes
37%
Marius Mario
32%
Étienne Stephen
27%
Enzo Vincent
27%
Thibault Theo
23%
Gaultier Walter
9%
Maëlys Maelle
3%
No matching quizzes found
Score Distribution
Percent of People with Each Score
Percentile by Number Answered
Your Score History
You have not taken this quiz since the last reset